000 00831nam a22002537a 4500
999 _c4305
_d4305
003 URS
005 20220117120248.0
008 190717b ||||| |||| 00| 0 eng d
020 _a9789712354892
040 _erda
_cURS
_beng
050 _aPE 1408
_b.D3646 2009
100 _ade Gracia, Alta Grace Q.
245 _aCompetence in college english /
_cAlta Grace Q. de Gracia.
264 1 _aManila :
_bRex Book Store,
_c2009.
300 _a86 pages ;
_c23 cm
336 _atext
_btxt
_2rdacontent
337 _aunmediated
_bn
_2rdamedia
338 _avolume
_bnc
_2rdacarrier
500 _aInclude references.
650 _aEnglish language - rhetoric - study & teaching (higher)
650 _aEnglish language -- composition & exercises -- study & teaching (higher).
650 _aEnglish language -- textbook.
942 _2lcc
_cF